000 00586nam a2200193Ia 4500
005 20250508162341.0
008 008 250505s9999 xx 000 0 hin d
037 _aTextual
040 _aFEDL
_beng
_cFEDL
041 _ahin
_2eng
084 _a155, ANA
_qFEDL
100 _aAnastasi N.
_9772941
245 0 _aBhedak - manovigyan : Vyawhar mein vyaktik awam sumooh bhed
260 _aDelhi, India
_bVegyanik tatha Takniki Shabdawali Aayog
_c1969
300 _axvi,878p.
650 _aDevelopmental Psychology
942 _cTEXL
_h155, ANA
999 _c1375994
_d1375994